000 01422nam a2200325 i 4500
001 182208
003 ES-MaACL
005 20251116063115.0
008 130626s2010 sp a | |||||||| | spa d
020 _a978-84-938142-2-9
080 _a7.036:069.5(460.27 M.)
080 _a7.036
100 1 _aMartín, Carlos,
_d1956-
_9162760
245 1 3 _aLa colección :
_bMuseo Nacional Reina Sofía : claves de lectura.
_nParte I /
_ceditado por Manuel J. Borja-Villel, Jesús Carrillo, Rosario Peiró ; con textos de Carlos Martín, Fernando López, Rocío Robles.
260 _a[Madrid] :
_bMuseo Nacional Centro de Arte Reina Sofía ;
_aBarcelona :
_bEdiciones La Central,
_cD.L. 2010.
300 _a267 p. :
_bil. col. y n. ;
_c21 cm.
504 _aBibliografía: p. 256-260.
610 2 7 _aMuseo Nacional Centro de Arte Reina Sofía
_2
_9147737
650 7 _aArte-
_yS.XX
_2
_9141916
700 1 _aLópez, Fernando,
_d1961-
_9153013
700 1 _aRobles Tardío, Rocío,
_d1976-
_9153014
700 1 _aCarrillo Castillo, Jesús,
_d1966-
_9153015
700 1 _aBorja-Villel, Manuel J.,
_d1957-
_9153016
700 1 _aPeiró, Rosario.
_9153017
710 2 _aMuseo Nacional Centro de Arte Reina Sofía
_9147737
852 _aES-MaACL
_jA-12775
_9189119
_bR.148586
_cDEPO1
_dOlim: N-5775
_xDonación: Almudena Cruz
903 _9234376
_aCruz, Almudena
_ednr
942 _2udc
_cMONOGRAFIA
999 _c182208
_d182208